| 000 | 00943nab a22002177a 4500 | ||
|---|---|---|---|
| 999 |
_c6022 _d6022 |
||
| 003 | OSt | ||
| 005 | 20260116185541.0 | ||
| 008 | 190605e xxu||||| |||| 00| 0 spa d | ||
| 040 | _cPJ | ||
| 100 |
_96824 _aGonzález Accorinti, Mercedes Belén |
||
| 245 | 1 | 0 |
_aDespido discriminatorio. Carga dinámica de la prueba y pautas procesales para su acreditación / _cMercedes Belén González Accorinti. |
| 260 |
_aCiudad Autónoma de Buenos Aires : _bThomson Reuters La Ley, _c2025. |
||
| 300 | _ap. 59-62 | ||
| 500 | _aCita Online: Cita: TR LALEY AR/DOC/1547/2025. | ||
| 505 | _a¿Te interesa el texto completo? Solicitalo al correo: koha@justierradelfuego.gov.ar | ||
| 650 | 0 |
_91316 _aDERECHO LABORAL |
|
| 650 | 0 |
_91533 _aDESPIDO |
|
| 650 | 0 |
_aDISCRIMINACION LABORAL _91577 |
|
| 773 | 0 |
_02711 _93168 _dCiudad Autónoma de Buenos Aires : Thomson Reuters La Ley, 1999-2002. _tRevista de derecho del trabajo. Nº 4 - Julio 2025 |
|
| 942 |
_2udc _cANA |
||